El espacio deportivo a cubierto : (Record no. 118884)

MARC details
000 -LEADER
campo de control de longitud fija 00770nam a2200229 i 4500
001 - NÚMERO DE CONTROL
campo de control 118884
003 - IDENTIFICADOR DE NÚMERO DE CONTROL
campo de control ES-MaACL
005 - FECHA Y HORA DE LA ÚLTIMA TRANSACCIÓN
campo de control 20240121130702.0
008 - DATOS DE LONGITUD FIJA--INFORMACIÓN GENERAL
campo de control de longitud fija 211228s2012 sp a 001 0 spa
020 ## - NÚMERO INTERNACIONAL ESTÁNDAR DEL LIBRO
Número Internacional Estándar del Libro 978-84-9948-642-0
080 ## - NÚMERO DE LA CLASIFICACIÓN DECIMAL UNIVERSAL
Número de la Clasificación Decimal Universal 725.85/.89
100 1# - ENTRADA PRINCIPAL--NOMBRE DE PERSONA
Nombre de persona López González, Cándido.
9 (RLIN) 173912
245 13 - MENCIÓN DEL TÍTULO
Título El espacio deportivo a cubierto :
Resto del título forma y lugar /
Mención de responsabilidad, etc. Cándido López.
260 ## - PUBLICACIÓN, DISTRIBUCIÓN, ETC.
Lugar de publicación, distribución, etc. San Vicente (Alicante) :
Nombre del editor, distribuidor, etc. Club Universitario,
Fecha de publicación, distribución, etc. [2012]
300 ## - DESCRIPCIÓN FÍSICA
Extensión 368, LVI p. :
Otras características físicas il., planos ;
Dimensiones 27 cm.
500 ## - NOTA GENERAL
Nota general Glosario.
504 ## - NOTA DE BIBLIOGRAFÍA, ETC.
Nota de bibliografía, etc. Bibliografía: p. XVII-XXX.
650 #4 - PUNTO DE ACCESO ADICIONAL DE MATERIA--TÉRMINO DE MATERIA
Término de materia o nombre geográfico como elemento de entrada Instalaciones deportivas.
9 (RLIN) 173941
852 4# - LOCALIZACIÓN
Ubicación ES-MaACL
Número de control de estantería A-14817
itemnumber 123326
Sublocalización o colección R.152334
Ubicación en estantería Depósito 1
Signatura antigua Olim: N-7817
Donativo/Legado Donacion: Editorial
942 ## - ELEMENTOS DE ENTRADA SECUNDARIOS (KOHA)
Fuente del sistema de clasificación o colocación Clasificación decimal universal
Holdings
Estatus retirado Estado de pérdida Fuente del sistema de clasificación o colocación Estado de daño No para préstamo Biblioteca de origen Biblioteca actual Ubicación en estantería Fecha de adquisición Fuente de adquisición Total de préstamos Signatura topográfica completa Código de barras Visto por última vez Precio de reemplazo Tipo de ítem Koha
    Clasificación decimal universal     Biblioteca del Ateneo de Madrid Biblioteca del Ateneo de Madrid Depósito 1 28/12/2021 Donación   A-14817 1202771 23/02/2023 23/02/2023 Libro impreso